000 00967nas a2200301 4500
001 BR2013009541
003 BR-BrBNA
005 20231205123300.0
007 ta
008 230509b bl.|||p| |||| 00| 00por d
040 _aBR-BrBNA
_bpor
_cBiblioteca Nacional de Agricultura
041 _a(En)
072 _aE73; E70
100 1 _aBarbieri, T.
100 1 _aRodrigues, K. de S.
100 1 _aSilva, S.F. da
100 1 _aMedeiros, L.B.
100 1 _aSaccol, A.L. de F.
245 1 _aConsumer attitudes toward information displayed at food buffets in commercial restaurants
650 _aVALOR NUTRITIVO
650 _aCOMÉRCIO
650 _aCONSUMIDOR
650 _aCONSUMO ALIMENTAR
773 0 _tCiência e Tecnologia de Alimentos (Brazil)
_xISSN 1678-457X
_g(Oct-Dec 2012), v. 32(4) p. 798-803
_wBR2013009541
856 4 0 _uhttp://www.scielo.br/pdf/cta/v32n4/aop_cta_5511.pdf
909 _a202311
_bLúcia
_c55
_dLúcia Elande
942 _2AGRIS
_n0
_cANA
999 _c233103
_d233103